000 00693nam a22002057a 4500
003 0
005 20250916113119.0
008 250916b xxu||||| |||| 00| 0 eng d
020 _a979-8-88836-766-7
050 _aTK 5105.875.I57
_b.C66 2025
100 _aCooper, Liliana,
_eauthor.
245 _aInternet infrastructure :
_bnetworking and web services /
_cLiliana Cooper.
260 _aNew York, NY :
_bLarsen and Keller Education,
_c2025.
300 _aviii, 211 pages :
_bcolored illustrations ;
_c26 cm.
504 _aIncludes bibliographical references and index.
650 _aInternet.
650 _aInternetworking (Telecommunication).
650 _aWeb services.
942 _2lcc
_cBK
999 _c367984
_d367984